Cultural Domination and the Reaction to it

Bibliographic Details
Main Author: Mucha, Janusz (Author)
Format: Article
Language:Slovak
English
ISSN:0049-1225
Subjects:

MARC

LEADER 00000nab a2200000 a 4500
001 vtls000717469
003 SK-MaSNL
005 20260304114712.0
008 250429c1999 xo 0 slo
015 |a SNBRB2000/03-09219 
035 |a CLN000069636 
035 |a urn:nbn:sk:snk-ab2bvk 
035 |a (urnnbn)urn:nbn:sk:snk:ar-a023li 
035 |a (uuid)64a5139d-5933-464f-9542-e5bd00fd6882 
040 |a SNKBUCL  |b slo  |c SNKBUCL  |e AACR2 
041 0 |a eng 
044 |a xo  |c SK 
080 |a 301.15:008  |2 1997 
100 1 |a Mucha, Janusz  |4 aut  |9 629470 
245 1 0 |a Cultural Domination and the Reaction to it  |c Janusz Mucha 
504 |a Bibliogr. odkazy 
650 0 7 |a kultúra  |2 snkbucl  |9 886 
650 0 7 |a sociológia kultúry  |2 snkbucl  |9 888 
655 7 |a články z novín a časopisov  |2 snkbucl  |9 267496 
773 0 |t Sociológia  |g Roč. 31, č. 6 (1999), s. 567-586  |x 0049-1225 
850 |a Slovenská národná knižnica 
852 |a Slovenská národná knižnica 
958 |a article27 
958 |a SK 
958 |a OND 
958 |a EUIPO 
992 |a RBX 
999 |c 2873637  |d 2875567